Word Ladder: Tom Hanks Too Quiz Stats

 Plays Quiz Updated Jul 7, 2012

Support Sporcle.
Go Orange.
Score 0/20 Timer 03:00
0 Plays Today
Hint Word % Correct
★ Tom Hanks Movie: Forrest ___GUMP
98.3%
Opposite of pushPULL
97.6%
★ Tom Hanks Movie: Saving Private ___RYAN
96.5%
Swallowing noiseGULP
95.5%
Indoor light sourceLAMP
94.8%
Dime or quarter, e.g.COIN
94.3%
★ Tom Hanks Movie: You've Got ___MAIL
94%
Serving size for sugar, in teaLUMP
93.8%
The step between tree and paperPULP
93.2%
'The Spy Who ___ in from the Cold'CAME
92.6%
Hint Word % Correct
Abel's brotherCAIN
92.5%
★ Tom Hanks Movie: ___ Away ★CAST
92.4%
Shovel accompanier at the beachPAIL
90%
Having a bum legLAME
89%
Cut of meatLOIN
89%
Chief in importanceMAIN
86.8%
What Perry Mason took onCASE
86.3%
Cloth over a coffinPALL
84.8%
Grant of temporary useLOAN
84%
A horsehair color when mixed with whiteROAN
80.9%

Today's Daily Dose

You're not logged in!

Compare scores with friends on all Sporcle quizzes.
OR
Log In
Forgot?

From the Vault

Complete the Romance Movies (2010s)

by beforever

But are we allowed to complete the romances the way we want? It's just fanfiction then, isn't it?
Remove Ads.
Support Sporcle.
Get the best of Sporcle when you Go Orange. This ad-free experience offers more features, more stats, and more fun while also helping to support Sporcle. Thank you for becoming a member.

Show Comments

Extras

Top Quizzes Today


Score Distribution

Your Account Isn't Verified!

In order to create a playlist on Sporcle, you need to verify the email address you used during registration. Go to your Sporcle Settings to finish the process.

Report this User

Report this user for behavior that violates our Community Guidelines.

Details: